| 000 | | | 03911nac2a22002771x 450 |
| 001 | | | 2cb43f7e-6f0e-48f1-9471-560c755f1131 |
| 005 | | | 20150527221634.0 |
| 100 | ## | $a | 20140902l1917 k y0rusy50 ca |
| 101 | 0# | $a | rus |
| 102 | ## | $a | RU |
| 105 | ## | $a | y z ||||| |
| 122 | 0# | $a | d19171231 |
| 200 | 1# | $a | Материалы I Всероссийского Съезда Советов |
| | $j | 1917 |
| | $e | (Сверка материалов с Известиями Петроградского Совета Рабочих и Солдатских Депутатов) |
| 215 | ## | $a | 28 листов |
| 251 | ## | $c | Дело |
| 300 | ## | $a | Заголовок дела на папке отсутствует |
| 300 | ## | $a | Рукописный текст |
| 330 | ## | $a | Материалы I-го Всероссийского съезда Советов рабочих и солдатских депутатов; Финансово-экономическая секция, экономическая и рабочая секции I съезда Советов |
| 461 | #0 | $1 | 001RuPRLIB510117805 |
| | $1 | 2001 |
| | $a | Всероссийский центральный исполнительный комитет советов рабочих и солдатских депутатов I-го созыва |
| | $1 | 251 |
| | $c | Фонд |
| | $1 | 852 |
| | $g | Р |
| | $j | 6978 |
| 462 | #0 | $1 | 001RuPRLIB510117806 |
| | $1 | 2001 |
| | $a | 1917 год |
| | $1 | 251 |
| | $c | Опись |
| | $1 | 852 |
| | $j | 1 |
| 601 | 02 | $a | Всероссийский центральный исполнительный комитет с. р. и с. д. Созыв (1) |
| 601 | 02 | $3 | RU\NLR\AUTH\661354092 |
| | $a | Всероссийский съезд советов |
| | $d | 1 |
| | $f | 1917 |
| | $e | Петроград |
| 601 | 02 | $3 | RU\NLR\AUTH\661369109 |
| | $a | Петроградский Совет рабочих и солдатских депутатов |
| 801 | #0 | $a | RU |
| | $b | GA_RF |
| 801 | #1 | $a | RU |
| | $b | НПО Опыт |
| | $c | 20140902 |
| | $2 | rusmarc |
| 801 | #2 | $a | RU |
| | $b | ПБ им. Б.Н. Ельцина |
| | $c | 20150527 |
| | $g | RCR |
| | $2 | rusmarc |
| 852 | ## | $a | ГА РФ |
| | $j | 85 |
| 937 | ## | $d | 51161022 |
| | $h | ПБ |
| 035 | ## | $a | RuPRLIB51016052 |